Circuitos eléctricos
I tiakina i:
| Kaituhi matua: | |
|---|---|
| Ētahi atu kaituhi: | |
| Hōputu: | Pukapuka |
| Reo: | Pāniora |
| I whakaputaina: |
Madrid
McGraw Hill
1997
|
| Putanga: | 3a. ed |
| Rangatū: | Schaum
|
| Ngā marau: | |
| Ngā Tūtohu: |
Tāpirihia he Tūtohu
Kāore He Tūtohu, Me noho koe te mea tuatahi ki te tūtohu i tēnei pūkete!
|
MARC
| LEADER | 00000nam a2200000 a 4500 | ||
|---|---|---|---|
| 001 | UCP9622 | ||
| 003 | CL-VaPUC | ||
| 008 | 000331e19970000SP |||||||||||||||||spa|d | ||
| 020 | |a 8448110617 | ||
| 082 | 0 | 4 | |a 621.3192 |b EDM |2 21 |
| 100 | 0 | |a Edminister, Joseph A |e author |9 440287 | |
| 700 | |a Nahvi, Mahmood |e autor |9 440288 | ||
| 245 | 1 | 0 | |a Circuitos eléctricos |
| 250 | |a 3a. ed | ||
| 300 | |a 575 p | ||
| 942 | |c BK | ||
| 945 | |d 20000331 00:00:00 |a vberengu | ||
| 260 | |a Madrid |b McGraw Hill |c 1997 | ||
| 650 | 0 | |a Amplificadores |9 338119 | |
| 650 | 0 | |a Análisis de Fourier |9 260464 | |
| 650 | 0 | |a Circuitos |9 263339 | |
| 650 | 0 | |a Circuitos eléctricos |9 260262 | |
| 650 | 0 | |a Circuitos electrónicos |9 260204 | |
| 583 | |a last modification |c 20000331 00:00:00 |k Rodrigo Vera | ||
| 490 | 0 | |a Schaum | |
| 999 | |c 286413 |d 286411 | ||
| 952 | |0 0 |1 0 |2 ddc |4 0 |6 621_319200000000000_EDM_1997 |7 0 |8 A |9 332245 |a BIBING |b BIBING |c RES |d 2019-11-20 |i 361011K |o 621.3192 EDM 1997 |p 361011K |r 2025-01-20 |w 2019-11-20 |y BK |k EIE | ||
| 952 | |0 0 |1 0 |2 ddc |4 0 |6 621_319200000000000_EDM_1997 |7 0 |8 A |9 332246 |a BIBING |b BIBING |c RES |d 2019-11-20 |i 3610128 |o 621.3192 EDM 1997 |p 3610128 |r 2025-01-20 |w 2019-11-20 |y BK |k EIE | ||
| 952 | |0 0 |1 0 |2 ddc |4 0 |6 621_319200000000000_EDM_1997 |7 0 |8 A |9 332247 |a BIBING |b BIBING |c RES |d 2019-11-20 |i 3610136 |l 1 |o 621.3192 EDM 1997 |p 3610136 |r 2025-01-20 |s 2023-10-23 |w 2019-11-20 |y BK |k EIE | ||
| 952 | |0 0 |1 0 |2 ddc |4 0 |6 621_319200000000000_EDM_1997 |7 0 |8 A |9 332248 |a BIBING |b BIBING |c RES |d 2019-11-20 |i 3610144 |o 621.3192 EDM 1997 |p 3610144 |r 2025-01-20 |w 2019-11-20 |y BK |k EIE | ||
| 952 | |0 0 |1 0 |2 ddc |4 0 |6 621_319200000000000_EDM_1997 |7 0 |8 A |9 332249 |a BIBING |b BIBING |c RES |d 2019-11-20 |i 3610152 |o 621.3192 EDM 1997 |p 3610152 |r 2025-01-20 |w 2019-11-20 |y BK |k EIE | ||
| 952 | |0 0 |1 0 |2 ddc |4 0 |6 621_319200000000000_EDM_1997 |7 0 |8 A |9 332250 |a BIBING |b BIBING |c RES |d 2019-11-20 |i 3610160 |o 621.3192 EDM 1997 |p 3610160 |r 2025-01-20 |w 2019-11-20 |y BK |k EIE | ||
| 952 | |0 0 |1 0 |2 ddc |4 0 |6 621_319200000000000_EDM_1997 |7 0 |8 A |9 332251 |a BIBING |b BIBING |c RES |d 2019-11-20 |i 3610179 |o 621.3192 EDM 1997 |p 3610179 |r 2025-01-20 |w 2019-11-20 |y BK |k EIE | ||
| 952 | |0 0 |1 0 |2 ddc |4 0 |6 621_319200000000000_EDM_1997 |7 0 |8 A |9 332252 |a BIBING |b BIBING |c RES |d 2019-11-20 |i 3610187 |o 621.3192 EDM 1997 |p 3610187 |r 2025-01-20 |w 2019-11-20 |y BK |k EIE | ||
| 952 | |0 0 |1 0 |2 ddc |4 0 |6 621_319200000000000_EDM_1997 |7 0 |8 A |9 332253 |a BIBING |b BIBING |c RES |d 2019-11-20 |i 3678083 |o 621.3192 EDM 1997 |p 3678083 |r 2025-01-20 |w 2019-11-20 |y BK |k EIE | ||
| 952 | |0 0 |1 0 |2 ddc |4 0 |6 621_319200000000000_EDM_1997 |7 0 |8 A |9 332254 |a BIBING |b BIBING |c RES |d 2019-11-20 |i 3678091 |o 621.3192 EDM 1997 |p 3678091 |r 2025-01-20 |w 2019-11-20 |y BK |k EIE | ||
| 952 | |0 0 |1 0 |2 ddc |4 0 |6 621_319200000000000_EDM_1997 |7 0 |8 A |9 332255 |a BIBING |b BIBING |c RES |d 2019-11-20 |i 3678105 |o 621.3192 EDM 1997 |p 3678105 |r 2025-01-20 |w 2019-11-20 |y BK |k EIE | ||
| 952 | |0 0 |1 0 |2 ddc |4 0 |6 621_319200000000000_EDM_1997 |7 0 |8 A |9 332256 |a BIBING |b BIBING |c RES |d 2019-11-20 |i 3678113 |o 621.3192 EDM 1997 |p 3678113 |r 2025-01-20 |w 2019-11-20 |y BK |k EIE | ||
| 952 | |0 0 |1 0 |4 0 |6 621_319200000000000_EDM_1997 |7 0 |8 R |9 332257 |a BIBMEC |b BIBMEC |d 2019-11-20 |i 3685063 |o 621.3192 EDM 1997 |p 3685063 |r 2019-11-20 |w 2019-11-20 |y BK_R |k MEC | ||
| 952 | |0 0 |1 0 |2 ddc |4 0 |6 621_319200000000000_EDM_1997 |7 0 |8 A |9 332258 |a BIBING |b BIBING |c RES |d 2019-11-20 |i 3697282 |o 621.3192 EDM 1997 |p 3697282 |r 2025-01-20 |w 2019-11-20 |y BK |k EIE | ||
| 952 | |0 0 |1 0 |4 0 |6 621_319200000000000_EDM_1997 |7 0 |8 R |9 332259 |a BIBMEC |b BIBMEC |d 2019-11-20 |i 3743845 |o 621.3192 EDM 1997 |p 3743845 |r 2019-11-20 |w 2019-11-20 |y BK_R |k MEC | ||
| 952 | |0 0 |1 0 |2 ddc |4 0 |6 621_319200000000000_EDM_1997 |7 0 |8 A |9 332260 |a BIBING |b BIBING |c RES |d 2019-11-20 |i 3781720 |l 1 |o 621.3192 EDM 1997 |p 3781720 |r 2025-01-20 |s 2023-08-09 |w 2019-11-20 |y BK |k EIE | ||
| 952 | |0 0 |1 0 |2 ddc |4 0 |6 621_319200000000000_EDM_1997 |7 0 |8 A |9 332261 |a BIBING |b BIBING |c RES |d 2019-11-20 |i 393991K |o 621.3192 EDM 1997 |p 393991K |r 2025-01-20 |w 2019-11-20 |y BK |k EIE | ||
| 952 | |0 0 |1 0 |2 ddc |4 0 |6 621_319200000000000_EDM_1997 |7 0 |8 A |9 332262 |a BIBING |b BIBING |c RES |d 2019-11-20 |i 3939928 |o 621.3192 EDM 1997 |p 3939928 |r 2025-01-20 |w 2019-11-20 |y BK |k EIE | ||
| 952 | |0 0 |1 0 |2 ddc |4 0 |6 621_319200000000000_EDM_1997 |7 0 |8 A |9 332263 |a BIBING |b BIBING |c RES |d 2019-11-20 |i 3939936 |o 621.3192 EDM 1997 |p 3939936 |r 2025-01-20 |w 2019-11-20 |y BK |k EIE | ||
| 952 | |0 0 |1 0 |2 ddc |4 0 |6 621_319200000000000_EDM_1997 |7 0 |8 A |9 332264 |a BIBING |b BIBING |c RES |d 2019-11-20 |i 3939944 |o 621.3192 EDM 1997 |p 3939944 |r 2025-01-20 |w 2019-11-20 |y BK |k EIE | ||
| 952 | |0 0 |1 0 |2 ddc |4 0 |6 621_319200000000000_EDM_1997 |7 0 |8 A |9 332265 |a BIBING |b BIBING |c RES |d 2019-11-20 |i 3939952 |o 621.3192 EDM 1997 |p 3939952 |r 2025-01-20 |w 2019-11-20 |y BK |k EIE | ||
| 952 | |0 0 |1 0 |2 ddc |4 0 |6 621_319200000000000_EDM_1997 |7 0 |8 A |9 332266 |a BIBING |b BIBING |c RES |d 2019-11-20 |i 3939960 |o 621.3192 EDM 1997 |p 3939960 |r 2025-01-20 |w 2019-11-20 |y BK |k EIE | ||
| 952 | |0 0 |1 0 |4 0 |6 621_319200000000000_EDM_1997 |7 0 |8 R |9 332267 |a BIBMEC |b BIBMEC |d 2019-11-20 |i 3944336 |o 621.3192 EDM 1997 |p 3944336 |r 2019-11-20 |w 2019-11-20 |y BK_R |k MEC | ||
| 952 | |0 0 |1 0 |2 ddc |4 0 |6 621_319200000000000_EDM_1997 |7 0 |8 A |9 332268 |a BIBMEC |b BIBMEC |d 2019-11-20 |i 3944344 |l 2 |o 621.3192 EDM 1997 |p 3944344 |r 2024-01-19 |s 2023-09-08 |w 2019-11-20 |y BK_P |k MEC | ||
| 952 | |0 0 |1 0 |4 0 |6 621_319200000000000_EDM_1997 |7 0 |8 R |9 332269 |a BIBMEC |b BIBMEC |d 2019-11-20 |i 3944352 |o 621.3192 EDM 1997 |p 3944352 |r 2019-11-20 |w 2019-11-20 |y BK_R |k MEC | ||
| 952 | |0 0 |1 0 |4 0 |6 621_319200000000000_EDM_1997 |7 0 |8 R |9 332270 |a BIBMEC |b BIBMEC |d 2019-11-20 |i 3944360 |o 621.3192 EDM 1997 |p 3944360 |r 2019-11-20 |w 2019-11-20 |y BK_R |k MEC | ||
| 952 | |0 0 |1 0 |4 0 |6 621_319200000000000_EDM_1997 |7 0 |8 R |9 332271 |a BIBMEC |b BIBMEC |d 2019-11-20 |i 3944379 |o 621.3192 EDM 1997 |p 3944379 |r 2019-11-20 |w 2019-11-20 |y BK_R |k MEC | ||
| 952 | |0 0 |1 0 |2 ddc |4 0 |6 621_319200000000000_EDM_1997 |7 0 |8 A |9 332272 |a BIBING |b BIBING |c RES |d 2019-11-20 |i 4271106 |o 621.3192 EDM 1997 |p 4271106 |r 2025-01-20 |w 2019-11-20 |y BK |k EIE | ||
| 952 | |0 0 |1 0 |2 ddc |4 0 |6 621_319200000000000_EDM_1997 |7 0 |8 A |9 332273 |a BIBING |b BIBING |c RES |d 2019-11-20 |i 4271114 |o 621.3192 EDM 1997 |p 4271114 |r 2025-01-20 |w 2019-11-20 |y BK |k EIE | ||
| 952 | |0 0 |1 0 |2 ddc |4 0 |6 621_319200000000000_EDM_1997 |7 0 |8 A |9 332274 |a BIBING |b BIBING |c RES |d 2019-11-20 |i 4271122 |l 3 |o 621.3192 EDM 1997 |p 4271122 |r 2025-01-20 |s 2023-11-03 |w 2019-11-20 |y BK |k EIE | ||
| 952 | |0 0 |1 0 |2 ddc |4 0 |6 621_319200000000000_EDM_1997 |7 0 |8 A |9 332275 |a BIBING |b BIBING |c RES |d 2019-11-20 |i 4271130 |l 4 |o 621.3192 EDM 1997 |p 4271130 |r 2025-03-04 |s 2025-03-04 |w 2019-11-20 |y BK |k EIE | ||
| 952 | |0 0 |1 0 |2 ddc |4 0 |6 621_319200000000000_EDM_1997 |7 0 |8 A |9 332276 |a BIBING |b BIBING |c RES |d 2019-11-20 |i 4271149 |o 621.3192 EDM 1997 |p 4271149 |r 2025-01-20 |w 2019-11-20 |y BK |k EIE | ||
| 952 | |0 0 |1 0 |2 ddc |4 0 |6 621_319200000000000_EDM_1997 |7 0 |8 A |9 332277 |a BIBING |b BIBING |c RES |d 2019-11-20 |i 4273265 |o 621.3192 EDM 1997 |p 4273265 |r 2025-01-20 |w 2019-11-20 |y BK |k EIE | ||
| 952 | |0 0 |1 0 |2 ddc |4 0 |6 621_319200000000000_EDM_1997 |7 0 |8 A |9 332278 |a BIBING |b BIBING |c RES |d 2019-11-20 |i 4273273 |o 621.3192 EDM 1997 |p 4273273 |r 2025-01-20 |w 2019-11-20 |y BK |k EIE | ||
| 952 | |0 0 |1 0 |2 ddc |4 0 |6 621_319200000000000_EDM_1997 |7 0 |8 A |9 332279 |a BIBING |b BIBING |c RES |d 2019-11-20 |i 4273281 |o 621.3192 EDM 1997 |p 4273281 |r 2025-01-20 |w 2019-11-20 |y BK |k EIE | ||
| 952 | |0 0 |1 0 |2 ddc |4 0 |6 621_319200000000000_EDM_1997 |7 0 |8 A |9 332280 |a BIBING |b BIBING |c RES |d 2019-11-20 |i 427329K |o 621.3192 EDM 1997 |p 427329K |r 2025-01-20 |w 2019-11-20 |y BK |k EIE | ||
| 952 | |0 0 |1 0 |2 ddc |4 0 |6 621_319200000000000_EDM_1997 |7 0 |8 A |9 332281 |a BIBING |b BIBING |c RES |d 2019-11-20 |i 4273303 |o 621.3192 EDM 1997 |p 4273303 |r 2025-01-20 |w 2019-11-20 |y BK |k EIE | ||